Statistika i informacionnoje obespečenije planirovanija

Saved in:
Bibliographic Details
Format: Book
Language:Russian
Published: Moskva Nauka 1982
Series:Učenyje zapiski po statistike T. 44
Tags: Add Tag
No Tags, Be the first to tag this record!

MARC

LEADER 00000nam a2200000 4500
001 c132627
005 20041019155255.7
041 0 |a rus 
044 |a RU 
245 1 0 |a Statistika i informacionnoje obespečenije planirovanija 
264 1 |a Moskva  |b Nauka  |c 1982 
300 |a 310 s. 
490 1 |a Učenyje zapiski po statistike  |v T. 44 
830 0 |a Učenyje zapiski po statistike  |v T. 44